Top Ten European Countries with the Shortest Coastlines - Statistics

General Stats
  • This quiz has been taken 88 times
  • The average score is 9 of 10
Answer Stats
Kilometers Miles Country % Correct
67 42 Belgium
97%
4 2.5 Monaco
97%
20 12 Bosnia & Herzegovina
95%
294 182 Montenegro
94%
47 29 Slovenia
94%
362 224 Albania
92%
90 56 Lithuania
92%
225 139 Romania
84%
354 219 Bulgaria
83%
197 122 Malta
79%
No matching quizzes found
Score Distribution
Percent of People with Each Score
Percentile by Number Answered
Your Score History
You have not taken this quiz